| 000 | 00474nam a2200193Ia 4500 | ||
|---|---|---|---|
| 005 | 20240823052959.0 | ||
| 008 | 240823s9999||||xx |||||||||||||| ||und|| | ||
| 020 | _a978-1-4398-5005-3 | ||
| 041 | _aENGLISH | ||
| 082 | _A620.11892 Q5 | ||
| 100 | _aRonald F Gibson | ||
| 245 | 0 | _aPrinciples of Composite Material Mechanics | |
| 250 | _a3rd | ||
| 260 |
_c2015 _b"CRC Press,Boca " |
||
| 500 | _aYES | ||
| 650 |
_aMechanics _bMechanical |
||
| 942 | _cBK | ||
| 999 |
_c223129 _d223129 |
||